000 00681nam a2200253Ia 4500
003 OSt
005 20221007111535.0
006 a|||||r|||| 00| 0
007 ta
008 221006b |||||||| |||| 00| 0 eng d
024 _a23,783
037 _cTextual
040 _aLCO
_cLCO
_beng
041 _2eng
_aeng
082 _aX61157'Nvt, L2
100 _aLok Sabha
_9104082
245 0 _aJoin Committee on the Foreign Exchange Regulation Bill, 1972
260 _aNew
_bDelhi Lok Sabha Secretariat India
_c1972
300 _a482
500 _aEvidence
650 _aEVIDENCE
942 _hX61157'Nvt, L2
_cTEXL
999 _c1193346
_d1193346